Aspekty a riziká zavádzania eura

Etapy procesu zavedenia eura na Slovensku. Všeobecné činitele, ktoré determinujú riziká veľkých projektov spojené s implementáciou eura. Riziká implementácie eura v podnikateľskom sektore. Postoj slovenských podnikateľských subjektov k zavedeniu eura.

Enregistré dans:
Détails bibliographiques
Auteur principal: Klučka, Jozef
Format: Chapitre de livre
Langue:slovaque
Sujets:
Tags: Ajouter un tag
Pas de tags, Soyez le premier à ajouter un tag!

MARC

LEADER 00000naa$a2200000$$$4500
001 0067180
005 20231127093040.8
041 0 |a slo 
044 |a SK 
245 1 0 |a Aspekty a riziká zavádzania eura  |c Jozef Kľučka 
520 |a Etapy procesu zavedenia eura na Slovensku. Všeobecné činitele, ktoré determinujú riziká veľkých projektov spojené s implementáciou eura. Riziká implementácie eura v podnikateľskom sektore. Postoj slovenských podnikateľských subjektov k zavedeniu eura. 
610 2 0 |a Slovensko 
610 2 0 |a únie menové 
610 2 0 |a Európska menová únia 
610 2 0 |a euro 
610 2 0 |a podnikanie 
610 2 0 |a riziko 
610 2 0 |a prostredie podnikateľské 
100 1 |a Klučka, Jozef